[Event "HUN-chT2 Barcza 1112 "]
[Site "Hungary"]
[Date "2011.11.13"]
[Round "3"]
[White "Kelemen, Imre"]
[Black "Toth, Janos"]
[Result "1-0"]
[WhiteElo "2132"]
[BlackElo "2109"]
[PlyCount "45"]
[EventDate "2011.09.25"]
[EventType "team-tourn"]
[EventRounds "11"]
[EventCountry "HUN"]
[SourceTitle "EXT 2013"]
[Source "ChessBase"]
[SourceDate "2012.11.22"]
[SourceVersion "1"]
[SourceVersionDate "2012.11.22"]
[SourceQuality "1"]
[WhiteTeam "Debrecen Sakkbaratok"]
[BlackTeam "Hajduboszormeny"]
[WhiteTeamCountry "HUN"]
[BlackTeamCountry "HUN"]

1. Nf3 d5 2. g3 Nf6 3. Bg2 c5 4. c4 e6 5. cxd5 exd5 6. d4 Nc6 7. 0-0 Qb6 8. Nc3 cxd4 9. Na4 Qa5 10. Nxd4 Nxd4 11. Qxd4 Be6 12. Bd2 Qa6 13. Rac1 Be7 14. Rc7 Bd6 15. Nc5 Qb6 16. Qa4+ Kf8 17. Rxb7 Qd8 18. Bb4 Kg8 19. Nxe6 fxe6 20. Bxd6 Qxd6 21. Rc1 a6 22. Rcc7 Ne8 23. Qxe8+ 1-0

[Event "HUN-chT2 Barcza 1011"]
[Site "Hungary"]
[Date "2011.04.10"]
[Round "8.6"]
[White "Toth, Janos"]
[Black "Bakos, Levente"]
[Result "1/2-1/2"]
[WhiteElo "2109"]
[BlackElo "2152"]
[PlyCount "97"]
[EventDate "2010.09.12"]
[EventType "team-tourn"]
[EventRounds "11"]
[EventCountry "HUN"]
[SourceTitle "EXT 2012"]
[Source "ChessBase"]
[SourceDate "2011.11.24"]
[SourceVersion "1"]
[SourceVersionDate "2011.11.24"]
[SourceQuality "1"]
[WhiteTeam "Hajduboszormeny"]
[BlackTeam "DEAC"]
[WhiteTeamCountry "HUN"]
[BlackTeamCountry "HUN"]

1. d4 Nf6 2. Nf3 d6 3. Bg5 Nbd7 4. Nbd2 g6 5. e4 Bg7 6. Bc4 0-0 7. e5 Ne8 8. e6 fxe6 9. Bxe6+ Kh8 10. Qe2 Nef6 11. 0-0 Nb6 12. Rfe1 Bxe6 13. Qxe6 Re8 14. Bh4 Qd7 15. Ng5 h6 16. Qxd7 Nbxd7 17. Ne6 Rac8 18. Re2 c5 19. Nf3 g5 20. Bg3 Nf8 21. c3 Nxe6 22. Rxe6 Nd7 23. Rae1 cxd4 24. cxd4 Nf8 25. R6e2 Ng6 26. Bxd6 g4 27. Ne5 Nf4 28. Nf7+ Kg8 29. Bxf4 Kxf7 30. Be5 Bxe5 31. dxe5 Ke6 32. h3 h5 33. hxg4 hxg4 34. Kh2 Red8 35. Kg3 Rd3+ 36. Re3 Rd2 37. R1e2 Rcc2 38. Rxd2 Rxd2 39. Rb3 b6 40. Rb5 Kf5 41. a4 Rd3+ 42. f3 e6 43. a5 gxf3 44. gxf3 bxa5 45. Rxa5 Rb3 46. Rxa7 Rxb2 47. Ra5 Re2 48. Rb5 Rxe5 49. Rb4 1/2-1/2

[Event "HUN-chT2 Barcza 0910"]
[Site "Hungary"]
[Date "2010.04.18"]
[Round "10.11"]
[White "Toth, Janos"]
[Black "Simon, Lili"]
[Result "1-0"]
[WhiteElo "2109"]
[BlackElo "1753"]
[PlyCount "141"]
[EventDate "2009.11.08"]
[EventType "team-tourn"]
[EventRounds "11"]
[EventCountry "HUN"]
[SourceTitle "EXT 2011"]
[Source "ChessBase"]
[SourceDate "2010.11.26"]
[SourceVersion "1"]
[SourceVersionDate "2010.11.26"]
[SourceQuality "1"]
[WhiteTeam "Kazincbarcika"]
[BlackTeam "DEAC"]
[WhiteTeamCountry "HUN"]
[BlackTeamCountry "HUN"]

1. e4 c5 2. Bc4 Nc6 3. Nf3 g6 4. c3 Bg7 5. d3 e6 6. h3 Nge7 7. Be3 b6 8. Na3 0-0 9. Bf4 d5 10. Bb5 Bb7 11. Bxc6 Nxc6 12. Qe2 a6 13. Rd1 Re8 14. e5 Rc8 15. 0-0 h6 16. Rfe1 Qd7 17. Qd2 Kh7 18. d4 cxd4 19. Nxd4 Nxd4 20. Qxd4 Qc6 21. Be3 Bxe5 22. Qxb6 Qxb6 23. Bxb6 Bg7 24. Nc2 Rc6 25. Ba7 Rd6 26. Bc5 Rd7 27. f4 Kg8 28. Ne3 Bf8 29. Bd4 Bd6 30. Ng4 Be7 31. Nxh6+ Kf8 32. Ng4 Ba8 33. Nf6 Bxf6 34. Bxf6 Rb8 35. b4 Bc6 36. Re3 Bb5 37. Rg3 Ke8 38. Rg4 Rdb7 39. Rh4 Kd7 40. Rh7 Kc6 41. Kf2 Ra8 42. Rh8 Rxh8 43. Bxh8 Ra7 44. Ke3 a5 45. a3 axb4 46. axb4 Ra2 47. Rg1 Re2+ 48. Kf3 Re4 49. Kg4 Kd7 50. Bf6 Bc4 51. g3 Re2 52. Ra1 Ba2 53. h4 Kc6 54. h5 gxh5+ 55. Kxh5 Kb7 56. Bd4 Kc7 57. Kg5 f5 58. Rh1 Rg2 59. Rh7+ Kc6 60. Kf6 Rxg3 61. Kxe6 Rf3 62. Ke5 Kb5 63. Rb7+ Kc4 64. Rc7+ Kd3 65. Kxf5 Bc4 66. Re7 Bb5 67. Ke5 Bc4 68. f5 Rh3 69. f6 Rh8 70. f7 Rf8 71. Kf6 1-0

[Event "HUN-chT2 Breyer 0910"]
[Site "Hungary"]
[Date "2009.12.06"]
[Round "3"]
[White "Toth, Janos"]
[Black "Bereczki, Janos"]
[Result "1/2-1/2"]
[WhiteElo "2138"]
[BlackElo "2191"]
[PlyCount "85"]
[EventDate "2009.11.08"]
[EventType "team-tourn"]
[EventRounds "11"]
[EventCountry "HUN"]
[SourceTitle "EXT 2011"]
[Source "ChessBase"]
[SourceDate "2010.11.26"]
[SourceVersion "1"]
[SourceVersionDate "2010.11.26"]
[SourceQuality "1"]
[WhiteTeam "Turul"]
[BlackTeam "Zoltek"]
[WhiteTeamCountry "HUN"]
[BlackTeamCountry "HUN"]

1. d4 d5 2. Nf3 c6 3. e3 Nf6 4. c4 Bf5 5. Nbd2 e6 6. Be2 h6 7. a3 Nbd7 8. cxd5 exd5 9. b4 Bd6 10. Bb2 Qe7 11. Nb3 0-0 12. Nc5 Rfb8 13. Rc1 a5 14. 0-0 axb4 15. axb4 b6 16. Nxd7 Bxd7 17. Ne5 Bxe5 18. dxe5 Ne4 19. b5 Nc5 20. bxc6 Bxc6 21. Bd3 Rd8 22. Bb1 Bb5 23. Re1 Qh4 24. Qd4 Qxd4 25. Bxd4 Rac8 26. Rc3 Bc4 27. Bf5 Rc7 28. Ra1 b5 29. Rca3 g6 30. Ra8 Rxa8 31. Rxa8+ Kh7 32. Bg4 Ne6 33. Bxe6 fxe6 34. Ra6 Bd3 35. h4 Rb7 36. Rxe6 b4 37. Rb6 Rxb6 38. Bxb6 Kg7 39. Kh2 Kf7 40. Kg3 Ke6 41. Bd4 Kf5 42. f3 h5 43. Kf2 1/2-1/2

[Event "HUN-chT2 Barcza 0809"]
[Site "Hungary"]
[Date "2009.01.11"]
[Round "5.4"]
[White "Toth, Janos"]
[Black "Szabo, Zsolt"]
[Result "1-0"]
[WhiteElo "2138"]
[BlackElo "2208"]
[PlyCount "83"]
[EventDate "2008.10.26"]
[EventType "team-tourn"]
[EventRounds "11"]
[EventCountry "HUN"]
[SourceTitle "EXT 2010"]
[Source "ChessBase"]
[SourceDate "2010.11.25"]
[SourceVersion "1"]
[SourceVersionDate "2010.11.25"]
[SourceQuality "1"]
[WhiteTeam "TEVA SE"]
[BlackTeam "DEAC"]
[WhiteTeamCountry "HUN"]
[BlackTeamCountry "HUN"]

1. d4 d5 2. Nf3 c6 3. c4 Nf6 4. Nc3 a6 5. a4 g6 6. e3 Bg7 7. Bd3 0-0 8. 0-0 Bg4 9. h3 Bxf3 10. Qxf3 Re8 11. Rd1 e6 12. g4 Nbd7 13. e4 dxe4 14. Bxe4 Nxe4 15. Nxe4 Qc7 16. Bf4 e5 17. Bg3 Qb6 18. d5 c5 19. a5 Qc7 20. g5 b6 21. axb6 Qxb6 22. h4 Rf8 23. d6 Rfe8 24. h5 Rad8 25. Rd5 Rf8 26. Qg4 Qb4 27. Kg2 Rfe8 28. Rh1 Re6 29. b3 Qb7 30. hxg6 hxg6 31. Qh3 Qc6 32. Qh7+ Kf8 33. Bh4 Rxd6 34. Nxd6 Nb6 35. Ne4 Nxd5 36. cxd5 Qxd5 37. Re1 Rb8 38. Kg1 Rb4 39. f3 Rxb3 40. Bf2 Rb5 41. Qh3 Qc6 42. Rd1 1-0